[Event "IIFL Wealth  4th Mumbai Junior U-13"]
[Site "Mumbai"]
[Date "2019.01.01"]
[Round "3"]
[White "Ayush Sharma"]
[Black "Sushanth Kamabathula"]
[Result "1-0"]
[WhiteElo "1778"]
[BlackElo "1267"]
[Annotator "NA RC"]
[PlyCount "71"]
[EventDate "2018.12.30"]
[EventType "swiss"]
[EventCountry "IND"]
[SourceTitle "playchess.com"]
[Source "ChessBase"]
[SourceQuality "1"]
[TimeControl "40/5400+30:1800+30"]

1. e4 {[%emt 0:00:00]} e5 {[%emt 0:00:46]} 2. Nf3 {[%emt 0:00:00]} Nc6 {[%emt 0:00:10]} 3. Bb5 {[%emt 0:00:00]} a6 {[%emt 0:00:11]} 4. Ba4 {[%emt 0:00:00]} Nf6 {[%emt 0:00:41]} 5. O-O {[%emt 0:00:00]} Be7 {[%emt 0:00:10]} 6. Re1 {[%emt 0:00:05]} d6 {[%emt 0:00:18]} 7. c3 {[%emt 0:01:54]} b5 {[%emt 0:03:57]} 8. Bb3 {[%emt 0:00:07]} Bg4 {[%emt 0:02:29]} 9. h3 {[%emt 0:03:35]} Bh5 {[%emt 0:00:34]} 10. d3 {[%emt 0:00:34]} O-O {[%emt 0:03:30]} 11. Nbd2 {[%emt 0:06:09]} Na5 {[%emt 0:01:01]} 12. Bc2 {[%emt 0:00:30]} c5 {[%emt 0:00:32]} 13. Nf1 {[%emt 0:06:50]} Nc6 {[%emt 0:02:15]} 14. Ng3 {[%emt 0:06:14]} Bg6 {[%emt 0:00:21]} 15. Nf5 {[%emt 0:00:52]} Bxf5 {[%emt 0:01:42]} 16. exf5 {[%emt 0:00:07]} Qc7 {[%emt 0:00:24]} 17. g4 {[%emt 0:08:45]} Rfd8 {[%emt 0:02:28]} 18. g5 {[%emt 0:00:55]} Nd7 {[%emt 0:00:16]} 19. g6 {[%emt 0:03:48]} d5 {[%emt 0:16:02]} 20. d4 {[%emt 0:15:28]} e4 {[%emt 0:03:52]} 21. gxf7+ {[%emt 0:00:06]} Kf8 {[%emt 0:04:23]} 22. Ng5 {[%emt 0:00:26]} Bxg5 {[%emt 0:00:15]} 23. Bxg5 {[%emt 0:00:03]} Ne7 {[%emt 0:00:47]} 24. Qh5 {[%emt 0:01:54]} h6 {[%emt 0:14:01]} 25. Bh4 {[%emt 0:01:42]} Qf4 {[%emt 0:03:40]} 26. f3 {[%emt 0:08:00]} Qd2 {[%emt 0:08:43]} 27. fxe4 {[%emt 0:02:26]} cxd4 {[%emt 0:08:33]} 28. Re2 {[%emt 0:03:10]} Qf4 {[%emt 0:00:32]} 29. Rf1 {[%emt 0:00:04]} Qd6 {[%emt 0:00:15]} 30. e5 {[%emt 0:00:57]} Qb6 {[%emt 0:14:00]} 31. f6 {[%emt 0:00:44]} d3+ {[%emt 0:00:41]} 32. Kh1 {[%emt 0:00:56]} gxf6 {[%emt 0:00:29]} 33. Qxh6+ {[%emt 0:00:25]} Kxf7 {[%emt 0:00:09]} 34. e6+ {[%emt 0:00:03]} Ke8 {[%emt 0:02:30]} 35. Qh5+ {[%emt 0:00:04]} Kf8 {[%emt 0:00:13]} 36. Qf7# {[%emt 0:00:05]} 1-0

[Event "IIFL Wealth  4th Mumbai Junior U-13"]
[Site "Mumbai"]
[Date "2019.01.01"]
[Round "3"]
[White "Bagwe Gaurang"]
[Black "Rout Yashita"]
[Result "1-0"]
[WhiteElo "1768"]
[BlackElo "1264"]
[Annotator "NA RC"]
[PlyCount "71"]
[EventDate "2018.12.30"]
[EventType "swiss"]
[EventCountry "IND"]
[SourceTitle "playchess.com"]
[Source "ChessBase"]
[SourceQuality "1"]
[TimeControl "40/5400+30:1800+30"]

1. e4 {[%emt 0:00:00]} e5 {[%emt 0:00:00]} 2. Nf3 {[%emt 0:00:00]} Nc6 {[%emt 0:00:00]} 3. Bb5 {[%emt 0:00:02]} a6 {[%emt 0:00:14]} 4. Ba4 {[%emt 0:00:01]} Nf6 {[%emt 0:00:27]} 5. d3 {[%emt 0:00:17]} b5 {[%emt 0:01:33]} 6. Bb3 {[%emt 0:00:09]} Be7 {[%emt 0:00:37]} 7. c3 {[%emt 0:01:40]} d6 {[%emt 0:00:55]} 8. Nbd2 {[%emt 0:00:41]} O-O {[%emt 0:00:40]} 9. Nf1 {[%emt 0:00:23]} Bb7 {[%emt 0:09:39]} 10. Ng3 {[%emt 0:02:37]} Qd7 {[%emt 0:02:56]} 11. Nf5 {[%emt 0:02:28]} Bd8 {[%emt 0:04:51]} 12. O-O {[%emt 0:03:56]} Ne7 {[%emt 0:02:19]} 13. N3h4 {[%emt 0:02:01]} Nxf5 {[%emt 0:00:28]} 14. Nxf5 {[%emt 0:00:11]} Re8 {[%emt 0:07:06]} 15. Qf3 {[%emt 0:05:51]} Kh8 {[%emt 0:10:19]} 16. Qg3 {[%emt 0:10:33]} Rg8 {[%emt 0:01:05]} 17. f4 {[%emt 0:01:12]} exf4 {[%emt 0:06:49]} 18. Bxf4 {[%emt 0:01:51]} d5 {[%emt 0:11:58]} 19. Rad1 {[%emt 0:07:42]} Nh5 {[%emt 0:05:37]} 20. Qh3 {[%emt 0:01:46]} Nxf4 {[%emt 0:02:28]} 21. Rxf4 {[%emt 0:00:02]} Qe6 {[%emt 0:01:04]} 22. exd5 {[%emt 0:06:48]} Bxd5 {[%emt 0:03:14]} 23. c4 {[%emt 0:00:58]} Qb6+ {[%emt 0:01:48]} 24. Kh1 {[%emt 0:01:39]} Be6 {[%emt 0:00:53]} 25. c5 {[%emt 0:03:45]} Qxc5 {[%emt 0:03:57]} 26. d4 {[%emt 0:02:31]} Qb6 {[%emt 0:04:11]} 27. d5 {[%emt 0:01:20]} Bxf5 {[%emt 0:00:31]} 28. Rxf5 {[%emt 0:00:06]} Qg6 {[%emt 0:03:35]} 29. d6 {[%emt 0:00:42]} Rf8 {[%emt 0:00:27]} 30. Bc2 {[%emt 0:04:18]} Bf6 {[%emt 0:06:02]} 31. dxc7 {[%emt 0:01:34]} Rac8 {[%emt 0:00:20]} 32. Rf2 {[%emt 0:00:45]} Qh6 {[%emt 0:04:56]} 33. Qxh6 {[%emt 0:00:26]} gxh6 {[%emt 0:00:08]} 34. Rxf6 {[%emt 0:00:08]} Kg7 {[%emt 0:00:21]} 35. Rc6 {[%emt 0:00:15]} f6 {[%emt 0:00:22]} 36. Bf5 1-0

[Event "IIFL Wealth  4th Mumbai Junior U-13"]
[Site "Mumbai"]
[Date "2019.01.01"]
[Round "3"]
[White "Bhagyashree Patil"]
[Black "Ananya Parikh"]
[Result "1-0"]
[WhiteElo "1758"]
[BlackElo "1235"]
[Annotator "NA RC"]
[PlyCount "61"]
[EventDate "2018.12.30"]
[EventType "swiss"]
[EventCountry "IND"]
[SourceTitle "playchess.com"]
[Source "ChessBase"]
[SourceQuality "1"]
[TimeControl "40/5400+30:1800+30"]

1. e4 {[%emt 0:00:00]} c5 {[%emt 0:00:45]} 2. Nf3 {[%emt 0:00:00]} e6 {[%emt 0:00:17]} 3. d4 {[%emt 0:00:00]} cxd4 {[%emt 0:00:24]} 4. Nxd4 {[%emt 0:00:00]} a6 {[%emt 0:00:21]} 5. Be3 {[%emt 0:04:27]} Nf6 {[%emt 0:02:42]} 6. Bd3 {[%emt 0:03:47]} Qc7 {[%emt 0:03:30]} 7. O-O {[%emt 0:02:07]} Bc5 {[%emt 0:04:53]} 8. Nd2 {[%emt 0:03:55]} d6 {[%emt 0:04:01]} 9. Qe2 {[%emt 0:03:14]} Nc6 {[%emt 0:05:08]} 10. Nxc6 {[%emt 0:02:37]} Bxe3 {[%emt 0:01:18]} 11. Qxe3 {[%emt 0:00:29]} bxc6 {[%emt 0:01:22]} 12. b4 {[%emt 0:02:51]} Rb8 {[%emt 0:07:20]} 13. Rfb1 {[%emt 0:01:04]} e5 {[%emt 0:04:36]} 14. a4 {[%emt 0:05:05]} Qb6 {[%emt 0:05:18]} 15. Qg3 {[%emt 0:02:52]} O-O {[%emt 0:03:16]} 16. c4 {[%emt 0:02:30]} Bd7 {[%emt 0:06:42]} 17. b5 {[%emt 0:04:09]} cxb5 {[%emt 0:11:20]} 18. cxb5 {[%emt 0:00:38]} axb5 {[%emt 0:03:04]} 19. axb5 {[%emt 0:00:10]} Qc5 {[%emt 0:01:54]} 20. Qe3 {[%emt 0:03:00]} Qxe3 {[%emt 0:05:00]} 21. fxe3 {[%emt 0:00:21]} Rfc8 {[%emt 0:01:52]} 22. b6 {[%emt 0:04:04]} Bc6 {[%emt 0:02:41]} 23. Ra7 {[%emt 0:01:52]} Bb7 {[%emt 0:05:43]} 24. Kf2 {[%emt 0:02:46]} Rc6 {[%emt 0:03:20]} 25. Nc4 {[%emt 0:03:33]} Rxc4 {[%emt 0:08:14]} 26. Bxc4 {[%emt 0:00:20]} Nxe4+ {[%emt 0:00:05]} 27. Kg1 {[%emt 0:01:44]} Nd2 {[%emt 0:02:15]} 28. Rc1 {[%emt 0:01:10]} Be4 {[%emt 0:02:13]} 29. Bxf7+ {[%emt 0:00:38]} Kh8 {[%emt 0:01:39]} 30. b7 {[%emt 0:00:35]} Bxb7 {[%emt 0:01:23]} 31. Rxb7 {[%emt 0:00:05]} 1-0

[Event "IIFL Wealth  4th Mumbai Junior U-13"]
[Site "Mumbai"]
[Date "2019.01.01"]
[Round "3"]
[White "Sadbhav Rautela"]
[Black "Sawalakhe Jay"]
[Result "1-0"]
[WhiteElo "1746"]
[BlackElo "1273"]
[Annotator "NA RC"]
[PlyCount "131"]
[EventDate "2018.12.30"]
[EventType "swiss"]
[EventCountry "IND"]
[SourceTitle "playchess.com"]
[Source "ChessBase"]
[SourceQuality "1"]
[TimeControl "40/5400+30:1800+30"]

1. e4 {[%emt 0:00:00]} d5 {[%emt 0:00:00]} 2. exd5 {[%emt 0:00:00]} Nf6 {[%emt 0:00:00]} 3. d4 {[%emt 0:00:15]} Bg4 {[%emt 0:00:00]} 4. Bb5+ {[%emt 0:00:44]} c6 {[%emt 0:00:24]} 5. dxc6 {[%emt 0:00:39]} Qa5+ {[%emt 0:03:19]} 6. Nc3 {[%emt 0:02:19]} bxc6 {[%emt 0:00:03]} 7. Be2 {[%emt 0:00:34]} Bf5 {[%emt 0:01:12]} 8. Nf3 {[%emt 0:24:15]} e6 {[%emt 0:02:18]} 9. O-O {[%emt 0:04:02]} Bd6 {[%emt 0:04:18]} 10. h3 {[%emt 0:09:20]} O-O {[%emt 0:02:45]} 11. Bd3 {[%emt 0:05:21]} Bg6 {[%emt 0:02:17]} 12. Bxg6 {[%emt 0:00:16]} hxg6 {[%emt 0:01:07]} 13. Re1 {[%emt 0:08:20]} Rd8 {[%emt 0:02:15]} 14. Bd2 {[%emt 0:02:19]} Qc7 {[%emt 0:03:28]} 15. Ne4 {[%emt 0:00:48]} Nxe4 {[%emt 0:02:03]} 16. Rxe4 {[%emt 0:00:09]} Nd7 {[%emt 0:00:45]} 17. c3 {[%emt 0:00:55]} Nf8 {[%emt 0:01:35]} 18. Qc2 {[%emt 0:01:37]} f5 {[%emt 0:01:24]} 19. Ree1 {[%emt 0:01:35]} Be7 {[%emt 0:01:02]} 20. Bg5 {[%emt 0:01:30]} Bf6 {[%emt 0:01:36]} 21. Bxf6 {[%emt 0:08:22]} gxf6 {[%emt 0:00:31]} 22. Rad1 {[%emt 0:04:33]} Kf7 {[%emt 0:01:52]} 23. Qe2 {[%emt 0:04:19]} Qe7 {[%emt 0:02:49]} 24. Qc4 {[%emt 0:01:01]} Rac8 {[%emt 0:01:00]} 25. Kf1 {[%emt 0:02:46]} g5 {[%emt 0:01:10]} 26. Qe2 {[%emt 0:02:47]} Ng6 {[%emt 0:00:59]} 27. g3 {[%emt 0:02:11]} Rh8 {[%emt 0:01:19]} 28. Kg2 {[%emt 0:00:49]} Rh6 {[%emt 0:05:10]} 29. Qa6 {[%emt 0:03:10]} Qd7 {[%emt 0:01:36]} 30. Qc4 {[%emt 0:01:54]} Rch8 {[%emt 0:01:07]} 31. Rh1 {[%emt 0:00:16]} Ne7 {[%emt 0:05:49]} 32. Nd2 {[%emt 0:02:28]} Nd5 {[%emt 0:01:41]} 33. Nb3 {[%emt 0:00:51]} f4 {[%emt 0:00:58]} 34. Nc5 {[%emt 0:00:54]} Qd6 {[%emt 0:02:47]} 35. Qe2 {[%emt 0:02:17]} fxg3 {[%emt 0:14:03]} 36. fxg3 {[%emt 0:00:11]} f5 {[%emt 0:00:14]} 37. c4 {[%emt 0:01:11]} Nb6 {[%emt 0:00:50]} 38. b3 {[%emt 0:01:29]} Rf6 {[%emt 0:02:10]} 39. Qe5 {[%emt 0:00:57]} Qe7 {[%emt 0:00:01]} 40. Rhf1 {[%emt 0:00:00]} Rg8 {[%emt 0:00:00]} 41. Na6 {[%emt 0:10:46]} Rc8 {[%emt 0:05:28]} 42. Nc5 {[%emt 0:01:33]} Rg8 {[%emt 0:00:19]} 43. Na6 {[%emt 0:02:42]} Rc8 {[%emt 0:00:13]} 44. Nc5 {[%emt 0:00:05]} Rg8 {[%emt 0:01:01]} 45. Ne4 {[%emt 0:00:35]} Nd7 {[%emt 0:01:18]} 46. Nxf6 {[%emt 0:01:04]} Nxe5 {[%emt 0:00:41]} 47. Nxg8 {[%emt 0:00:17]} Kxg8 {[%emt 0:00:05]} 48. dxe5 {[%emt 0:00:13]} Qc5 {[%emt 0:01:11]} 49. Rfe1 {[%emt 0:01:40]} Qa5 {[%emt 0:01:31]} 50. Re2 {[%emt 0:02:19]} Kf7 {[%emt 0:00:28]} 51. Rd7+ {[%emt 0:01:34]} Kg6 {[%emt 0:05:33]} 52. Rd6 {[%emt 0:01:10]} Qc3 {[%emt 0:02:21]} 53. Rxe6+ {[%emt 0:00:33]} Kh5 {[%emt 0:00:34]} 54. Rd6 {[%emt 0:03:48]} g4 {[%emt 0:00:12]} 55. hxg4+ {[%emt 0:00:46]} fxg4 {[%emt 0:02:10]} 56. Rf6 {[%emt 0:01:52]} Qd3 {[%emt 0:00:08]} 57. Rff2 {[%emt 0:00:34]} Qd7 {[%emt 0:01:20]} 58. e6 {[%emt 0:00:13]} Qe7 {[%emt 0:00:41]} 59. Rf7 {[%emt 0:00:39]} Qe8 {[%emt 0:00:25]} 60. e7 {[%emt 0:00:17]} c5 {[%emt 0:00:21]} 61. Rf8 {[%emt 0:00:31]} Qc6+ {[%emt 0:00:08]} 62. Kh2 {[%emt 0:00:41]} Qh6 {[%emt 0:00:16]} 63. e8=Q+ {[%emt 0:01:03]} Kg5+ {[%emt 0:00:05]} 64. Kg1 {[%emt 0:00:24]} Qh3 {[%emt 0:00:29]} 65. Rg8+ {[%emt 0:00:28]} Kh6 {[%emt 0:00:31]} 66. Qg6# {[%emt 0:00:36]} 1-0

[Event "IIFL Wealth  4th Mumbai Junior U-13"]
[Site "Mumbai"]
[Date "2019.01.01"]
[Round "3"]
[White "Mayank Chakraborty"]
[Black "Vasudeva Varun"]
[Result "1-0"]
[WhiteElo "1691"]
[BlackElo "1209"]
[Annotator "NA RC"]
[PlyCount "115"]
[EventDate "2018.12.30"]
[EventType "swiss"]
[EventCountry "IND"]
[SourceTitle "playchess.com"]
[Source "ChessBase"]
[SourceQuality "1"]
[TimeControl "40/5400+30:1800+30"]

1. e4 {[%emt 0:00:00]} c5 {[%emt 0:00:00]} 2. Nf3 {[%emt 0:00:00]} d6 {[%emt 0:00:00]} 3. Bb5+ {[%emt 0:00:01]} Nd7 {[%emt 0:00:12]} 4. d4 {[%emt 0:00:23]} cxd4 {[%emt 0:00:17]} 5. Qxd4 {[%emt 0:00:16]} Ngf6 {[%emt 0:01:28]} 6. c4 {[%emt 0:02:18]} a6 {[%emt 1:31:03]} 7. Bxd7+ {[%emt 0:00:00]} Bxd7 {[%emt 0:00:00]} 8. Nc3 {[%emt 0:00:45]} g6 {[%emt 0:00:00]} 9. Bg5 {[%emt 0:00:44]} Bg7 {[%emt 0:00:00]} 10. O-O {[%emt 0:00:46]} O-O {[%emt 0:00:00]} 11. Qd3 {[%emt 0:00:47]} Bc6 {[%emt 0:00:00]} 12. Nd4 {[%emt 0:05:19]} h6 {[%emt 0:00:00]} 13. Bd2 {[%emt 0:05:18]} Nd7 {[%emt 0:00:00]} 14. Nxc6 {[%emt 0:02:01]} bxc6 {[%emt 0:00:00]} 15. Qh3 {[%emt 0:01:03]} Kh7 {[%emt 0:00:00]} 16. b3 {[%emt 0:00:37]} Nc5 {[%emt 0:00:00]} 17. Rae1 {[%emt 0:00:44]} Qc8 {[%emt 0:00:00]} 18. Qh4 {[%emt 0:01:41]} Qe6 {[%emt 0:00:00]} 19. Kh1 {[%emt 0:45:02]} Qf6 {[%emt 0:00:00]} 20. Qxf6 {[%emt 0:01:44]} Bxf6 {[%emt 0:00:00]} 21. f3 {[%emt 0:00:23]} Rad8 {[%emt 0:00:00]} 22. Rd1 {[%emt 0:00:33]} e5 {[%emt 0:00:00]} 23. Be3 {[%emt 0:01:20]} Ne6 24. Ne2 {[%emt 0:07:00]} Bg5 {[%emt 0:00:00]} 25. Bxg5 {[%emt 0:00:56]} Nxg5 {[%emt 0:00:00]} 26. Rd2 {[%emt 0:00:31]} f5 {[%emt 0:00:00]} 27. exf5 {[%emt 0:00:43]} gxf5 {[%emt 0:00:00]} 28. Rfd1 {[%emt 0:00:12]} Rf6 {[%emt 0:00:00]} 29. h4 {[%emt 0:03:08]} Nf7 {[%emt 0:00:00]} 30. Nc3 {[%emt 0:00:09]} Kg7 {[%emt 0:00:00]} 31. Na4 {[%emt 0:00:27]} e4 {[%emt 0:00:00]} 32. fxe4 {[%emt 0:01:35]} fxe4 {[%emt 0:00:00]} 33. Rd4 {[%emt 0:00:28]} Re6 {[%emt 0:00:00]} 34. Re1 {[%emt 0:05:40]} e3 {[%emt 0:00:00]} 35. Rd3 {[%emt 0:00:37]} Rde8 {[%emt 0:00:00]} 36. Nc3 {[%emt 0:01:09]} h5 {[%emt 0:00:00]} 37. Nd1 {[%emt 0:01:33]} Nh6 {[%emt 0:00:00]} 38. Rdxe3 {[%emt 0:00:14]} Rxe3 {[%emt 0:00:00]} 39. Rxe3 {[%emt 0:00:09]} Rf8 {[%emt 0:00:00]} 40. Kg1 {[%emt 0:00:00]} Nf5 {[%emt 0:00:00]} 41. Rd3 {[%emt 0:02:25]} Re8 {[%emt 0:00:00]} 42. Kf2 {[%emt 0:03:03]} Kg6 {[%emt 0:00:00]} 43. Ne3 {[%emt 0:00:20]} Re6 {[%emt 0:00:00]} 44. Nxf5 {[%emt 0:00:15]} Kxf5 {[%emt 0:00:00]} 45. Kf3 {[%emt 0:00:34]} Rf6 {[%emt 0:00:00]} 46. Re3 {[%emt 0:02:00]} Re6 {[%emt 0:00:00]} 47. Rxe6 {[%emt 0:00:09]} Kxe6 {[%emt 0:00:00]} 48. Ke4 {[%emt 0:00:32]} Kf6 {[%emt 0:00:00]} 49. b4 {[%emt 0:00:19]} c5 {[%emt 0:00:00]} 50. bxc5 {[%emt 0:00:26]} dxc5 {[%emt 0:00:00]} 51. Kd5 {[%emt 0:00:21]} Kf5 {[%emt 0:00:00]} 52. Kxc5 {[%emt 0:00:02]} Kg4 {[%emt 0:00:00]} 53. Kd4 {[%emt 0:00:09]} Kxh4 {[%emt 0:00:00]} 54. c5 {[%emt 0:00:08]} Kg3 {[%emt 0:00:00]} 55. c6 {[%emt 0:00:07]} Kxg2 {[%emt 0:00:00]} 56. c7 {[%emt 0:00:07]} h4 {[%emt 0:00:00]} 57. c8=Q {[%emt 0:00:06]} h3 {[%emt 0:00:00]} 58. Qg4+ 1-0

[Event "IIFL Wealth  4th Mumbai Junior U-13"]
[Site "Mumbai"]
[Date "2019.01.01"]
[Round "3"]
[White "Shreyas Ghadi"]
[Black "Gukesh D"]
[Result "0-1"]
[WhiteElo "1653"]
[BlackElo "2466"]
[Annotator "TA"]
[PlyCount "128"]
[EventDate "2018.12.30"]
[EventType "swiss"]
[EventCountry "IND"]
[SourceTitle "playchess.com"]
[Source "ChessBase"]
[SourceQuality "1"]

{[%evp 20,128,68,46,40,39,38,37,31,16,30,2,0,-4,-9,-31,-39,-29,-29,-77,-75,-71,-90,-81,-74,-75,-72,-81,-82,-113,-106,-116,-109,-129,-131,-158,-158,-153,-158,-158,-156,-183,-183,-199,-197,-222,-148,-138,-152,-149,-140,-154,-147,-155,-153,-154,-150,-141,-108,-204,-204,-223,-176,-184,-191,-185,-177,-216,-220,-193,-183,-228,-220,-224,-214,-210,-186,-286,-245,-429,-413,-404,-240,-604,-590,-847,-845,-824,-828,-1279,-844,-1228,-1093,-1261,-1236,-1132,-965,-1649,-1458,-6223,-4622,-29976,-29977,-29978,-29979,-29979,-29980,-29979,-29980,-29977,-29978]} 1. d4 Nf6 2. c4 g6 3. Nc3 Bg7 4. e4 d6 5. Nf3 O-O 6. Be2 Na6 7. O-O e5 8. Be3 Qe8 9. dxe5 dxe5 10. h3 Nd7 {[%cal Bf6d7,Bd7c5,Bc5e6,Be6d4][%mdl 32] E94: King's Indian: Classical: 6 Be2 e5 7 0-0: Various Black 7th moves} (10... Nh5 11. c5 Nf4 12. Bxa6 bxa6 13. Nd5 Nxd5 14. Qxd5 Bd7 15. Rfe1 Bc6 16. Qc4 a5 17. Bd2 a4 18. Ba5 Rc8 19. Rad1 {½-½ (54) Wojtaszek,R (2741)-McShane,L (2674) Germany 2016}) 11. a3 {LiveBook: 8 Games} Ndc5 12. b4 Ne6 {White is slightly better.} 13. Rc1 Nb8 $146 ({Predecessor:} 13... c6 14. Qd2 Qe7 15. Bg5 Nxg5 16. Qxg5 Qxg5 17. Nxg5 Bh6 18. f4 {1-0 (64) Efimov,N (2209)-Pakhomov,E (2100) Novokuznetsk 2008}) 14. Ng5 Nd4 15. Nd5 Qd8 16. Nf3 {[%cal Rf3d4]} Nbc6 17. Bxd4 Nxd4 18. Nxd4 exd4 19. Bg4 c6 20. Bxc8 Rxc8 21. Nf4 Bh6 $36 {[%mdl 2048] Black is in control.} 22. Qf3 Qf6 23. g3 c5 24. b5 Rfe8 25. Rfe1 Rcd8 26. Rcd1 Bxf4 27. Qxf4 Qe6 28. Qc7 Qxc4 ({Don't play} 28... Qxh3 29. Qxc5 b6 30. Qc6 $11) 29. Rc1 Qxb5 {aiming for ...b6.} 30. Qxc5 Qxc5 31. Rxc5 $17 {[%mdl 4096] Endgame KRR-KRR} d3 32. Rc4 Rc8 33. Rd4 Red8 34. Rxd8+ Rxd8 {KR-KR} 35. Rd1 d2 36. Kf1 Rd3 37. Ke2 Rxa3 38. Rxd2 b5 39. Rb2 (39. Rd8+ $17 {might work better.} Kg7 40. Rb8) 39... a6 $19 40. Kd1 Rc3 41. Ra2 Rc6 42. Kd2 Kf8 43. Kd3 {[#]} Ke7 $1 44. Kd4 Kd6 45. f4 {[#]} Rc4+ $1 46. Ke3 Ra4 47. Rd2+ Kc6 48. f5 (48. e5 $142) 48... b4 49. fxg6 $2 (49. Rc2+ Kd6 50. Rd2+ Ke7 51. Kd4) 49... hxg6 50. Kd4 Ra3 (50... a5 $142 51. e5 Ra3) 51. Kc4 $2 (51. Rf2) 51... a5 52. Rf2 {and the idea Rf6+ leaves White hopeful.} Rc3+ 53. Kd4 Rxg3 54. Rf6+ Kb5 55. Rxf7 Rxh3 56. e5 Rh1 57. e6 Re1 58. Kd5 b3 {[%cal Bb4b3,Bb3b2][%mdl 32]} 59. Rb7+ Ka4 60. Kd6 Ka3 {Black mates.} 61. Kd7 b2 62. e7 a4 63. e8=Q Rxe8 64. Kxe8 Ka2 {Accuracy: White = 40%, Black = 85%.} 0-1

[Event "IIFL Wealth  4th Mumbai Junior U-13"]
[Site "Mumbai"]
[Date "2019.01.01"]
[Round "3"]
[White "Makwana Devam"]
[Black "Pranav Vijay"]
[Result "0-1"]
[WhiteElo "1617"]
[BlackElo "2265"]
[Annotator "TA"]
[PlyCount "64"]
[EventDate "2018.12.30"]
[EventType "swiss"]
[EventCountry "IND"]
[SourceTitle "playchess.com"]
[Source "ChessBase"]
[SourceQuality "1"]

{[%evp 10,64,48,49,62,29,45,51,43,5,9,17,16,6,31,18,26,-8,-3,-5,0,-24,-24,-24,-32,-28,-46,-54,-53,-55,-48,-41,-45,-38,-11,-10,34,-55,-66,-25,-28,-46,0,-22,0,-64,-81,-68,-76,-364,-602,-29995,-29996,-29996,-29997,-29997,-1514]} 1. e4 Nc6 2. Nc3 Nf6 3. d4 d5 4. e5 Ng8 5. f4 (5. a3 Bf5 6. g4 Bg6 7. Nge2 e6 8. Be3 f6 9. Nf4 Bf7 10. exf6 gxf6 11. Bg2 Nge7 12. Qe2 Qd7 {1-0 (61) Danielyan,V (2387)-Kalantarian,N (2381) Yerevan 2018}) 5... h5 6. Be2 {LiveBook: 3 Games. B00: Queen's Fianchetto Defence, Nimzowitsch Defence} g6 7. Bf3 e6 $146 ({Predecessor:} 7... Be6 8. f5 Bxf5 9. Nxd5 e6 10. Ne3 Nxd4 11. Bxb7 Rb8 12. Nxf5 gxf5 {1-0 (27) Krasnov,V (2256)-Pogorelskikh,S (2283) Russia 2007}) 8. Be3 {White is slightly better.} Nh6 9. g3 Nf5 10. Bf2 b6 11. Be2 Bb7 12. Nf3 Na5 13. Rg1 c5 14. Bb5+ Bc6 15. h3 Qd7 16. Bxc6 Nxc6 17. Ne2 cxd4 18. Nexd4 Ncxd4 19. Nxd4 Nxd4 20. Bxd4 Rc8 21. c3 Be7 22. Qe2 Kf8 23. g4 ({White should play} 23. O-O-O $14) 23... hxg4 $1 $15 24. hxg4 Qa4 25. f5 $1 Bh4+ 26. Kf1 Be7 27. Kg2 (27. fxe6 $11 fxe6 28. Kg2) 27... gxf5 28. gxf5 Bc5 29. Bxc5+ $2 {[%mdl 8192] [#]} (29. Qd1 $17 Qb5 30. Qd2) 29... Rxc5 $19 ({Less strong is} 29... bxc5 30. c4 $17) 30. fxe6 Qf4 {[%csl Gf4][%cal Rh8h2] Black mates.} 31. e7+ Kxe7 {[%csl Gf4][%cal Rh8h2]} 32. Qf3 Rh2+ {Accuracy: White = 36%, Black = 64%.} 0-1

[Event "IIFL Wealth  4th Mumbai Junior U-13"]
[Site "Mumbai"]
[Date "2019.01.01"]
[Round "3"]
[White "Kadam Rishi R"]
[Black "Divya Deshmukh"]
[Result "0-1"]
[WhiteElo "1604"]
[BlackElo "2190"]
[Annotator "TA"]
[PlyCount "58"]
[EventDate "2018.12.30"]
[EventType "swiss"]
[EventCountry "IND"]
[SourceTitle "playchess.com"]
[Source "ChessBase"]
[SourceQuality "1"]

{[%evp 19,58,24,35,0,5,2,3,8,0,0,19,0,19,0,3,-12,-7,-15,-12,-11,0,-22,-10,-63,-50,-281,-281,-284,-286,-546,-541,-597,-571,-1058,-1050,-936,-937,-920,-930,-1502,-1209]} 1. e4 c5 2. Nf3 d6 3. d4 cxd4 4. Nxd4 Nf6 5. Nc3 a6 6. Be2 e6 7. O-O Qc7 8. Be3 Be7 9. f4 Nbd7 10. Bf3 Nb6 {LiveBook: 5 Games. B84: Sicilian Scheveningen: 6 Be2 a6, lines without early Be3} 11. Be2 (11. Qe2 Bd7 12. e5 dxe5 13. fxe5 Qxe5 14. Bxb7 Nc4 15. Bxa8 Qxe3+ 16. Qxe3 Nxe3 17. Rf2 Bc5 18. Nb3 Bb6 19. Kh1 Neg4 20. Re2 Nf2+ 21. Kg1 {½-½ (21) Heberla,B (2558)-Markowski,T (2558) Czech Republic 2018}) 11... O-O 12. Qe1 e5 $146 {The position is equal.} ({Predecessor:} 12... Nc4 13. Bxc4 Qxc4 14. h3 b5 15. a3 Bb7 16. Bf2 Rac8 17. Rd1 Ba8 18. Rd3 b4 19. b3 {0-1 (52) Thach,S (1803)-Bojanovic,R (1996) Lansing 2010}) 13. fxe5 dxe5 14. Qg3 Kh8 15. Rad1 (15. a4 {feels hotter.} Be6 16. a5 Nc4 17. Bxc4 Qxc4 18. Qxe5 Ng4 19. Qf4) 15... Rd8 16. h3 Be6 17. Nxe6 fxe6 18. Kh1 Bc5 19. Qf2 Nbd7 20. Rd2 Rf8 {Hoping for ...Nxe4!} 21. Qg3 ({Better is} 21. Bxc5 $11 Nxc5 22. a3) 21... Bb4 $15 22. Bf3 $2 (22. Bd3 $15) 22... Bxc3 $19 23. bxc3 {[#]} Nxe4 $1 {[%mdl 512]} 24. Bxe4 $2 (24. Qh4 Nxd2 25. Bxd2) 24... Rxf1+ {Black is clearly winning.} 25. Kh2 Nf6 26. Bd3 Nh5 27. Qg5 e4+ {[%cal Be5e4,Be4d3][%mdl 32]} 28. g3 exd3 29. Qxh5 Qc6 {Accuracy: White = 22%, Black = 72%.} 0-1